Chansons anglophones très mal traduites... - Statistiques

Statistiques générales
  • Ce quiz a été pris 205 fois
  • Le résultat moyen est 12 sur 20
Statistiques - réponses
Hint Réponse % Correct
Appelle-moi peut-être Call Me Maybe
91%
Réveille moi Wake Me Up
90%
Battez-ça Beat It
81%
Zinzin en amour Crazy in Love
79%
Forme de toi Shape of You
79%
Prends-moi à l’église Take Me to Church
78%
Feux du travail Firework
77%
Je m'appelle My Name Is
77%
Quand j’étais ton mec When I Was Your Man
74%
Route de la vieille ville Old Town Road
67%
Je ne peux pas arrêter le ressenti Can’t Stop the Feeling!
61%
Pas de racines No Roots
61%
Quelqu’un que j’utilisais pour connaître Somebody That I Used to Know
60%
Je veux rompre librement I Want to Break Free
59%
Tout ce que je fais, c’est gagner All I Do Is Win
51%
Tu ne peux pas m’arrêter maintenant Don't Stop Me Now
44%
Je ne peux pas sentir mon visage Can’t Feel My Face
43%
Commencez-moi en haut Start Me Up
40%
Le club ne peut pas me gérer The Club Can’t Handle Me
19%
Tue l’éclairage Kill the Lights
16%
Aucun quiz correspondant
Distribution des résultats
% des personnes avec chaque résultat
Percentile par nombre de réponses
Votre historique - résultats
Vous n’avez pas pris ce quiz